|
|
|
|
| LEADER |
00000nab a2200000 a 4500 |
| 001 |
vtls000143586 |
| 003 |
SK-MaSNL |
| 005 |
20260304061400.0 |
| 008 |
250422c1983 xo 0 slo |
| 015 |
|
|
|a SNBRB19rr/mm-uuuuu
|
| 035 |
|
|
|a CL0153693
|
| 035 |
|
|
|a urn:nbn:sk:snk-ab3rt
|
| 035 |
|
|
|a (urnnbn)urn:nbn:sk:snk:ar-005321
|
| 035 |
|
|
|a (uuid)f58696f4-7e69-453f-9f45-98a9db01b59b
|
| 040 |
|
|
|a SNKBUCL
|b slo
|c SNKBUCL
|e AACR2
|
| 041 |
0 |
|
|a slo
|
| 044 |
|
|
|a xo
|c SK
|
| 080 |
|
|
|a 75.071.1
|2 1981
|
| 080 |
|
|
|a 929 Rónaiová, Veronika
|2 1981
|
| 100 |
1 |
|
|a Janči, Zdenek,
|d 1938-
|4 aut
|9 238132
|
| 245 |
1 |
0 |
|a Veronika Rónaiová
|c Zdenek Janči
|
| 300 |
|
|
|b Obr. 5.
|
| 600 |
1 |
7 |
|a Rónaiová, Veronika,
|d 1951-
|2 snkbucl
|9 215946
|
| 655 |
|
7 |
|a články z novín a časopisov
|2 snkbucl
|9 267496
|
| 773 |
0 |
|
|t Výtvarný život
|g Roč. 28, č. 2 (1983), s. 30-31
|
| 850 |
|
|
|a Slovenská národná knižnica
|
| 852 |
|
|
|a Slovenská národná knižnica
|
| 954 |
|
|
|a odborná, vedecká literatúra pôvodná (slovenská)
|2 lita
|
| 958 |
|
|
|a article27
|
| 958 |
|
|
|a BX
|
| 958 |
|
|
|a RK
|
| 958 |
|
|
|a OND
|
| 958 |
|
|
|a EUIPO
|
| 992 |
|
|
|a RBX
|
| 999 |
|
|
|c 2732674
|d 2734604
|